000 00328nam a22001457a 4500
003 SGT
020 _a9788185790039
082 _a615.19
_bP20K
100 _aKADAM,S.S
245 _aPRINCIPLES OF MEDICINAL CHEMISTRY
260 _aPUNE
_bNIRALI PUB
_c2020
300 _aI-9
650 _aMEDICINAL CHEMISTRY
942 _2ddc
_cBK
_01
999 _c23033
_d23033